[Event "16th Sants Open 2014"]
[Site "Barcelona ESP"]
[Date "2014.08.28"]
[Round "7.64"]
[White "Orteu Capdevila, Max"]
[Black "Kempinski, Tomasz"]
[Result "1-0"]
[WhiteElo "1998"]
[BlackElo "2202"]
[WhiteFideId "32075359"]
[BlackFideId "1109049"]
[EventDate "2014.08.22"]

1. c4 e5 2. g3 g6 3. Bg2 Bg7 4. Nc3 d6 5. e3 Nc6 6. Nge2 Nge7 7. d3 O-O 8. Rb1
Be6 9. Nd5 Qd7 10. h3 Nd8 11. Nxe7+ Qxe7 12. O-O Qd7 13. Kh2 d5 14. b3 Nc6 15.
Ba3 Rfd8 16. Nc3 d4 17. Ne4 dxe3 18. Nc5 Qc8 19. fxe3 Rb8 20. Nxe6 Qxe6 21. Bd5
Rxd5 22. cxd5 Qxd5 23. Qf3 Qxf3 24. Rxf3 Rd8 25. Rbf1 f6 26. e4 Kf7 27. Bb2 Ke6
28. g4 g5 29. Kg2 Ne7 30. Kf2 Ng6 31. Bc1 Nh4 32. Rg3 Bf8 33. Ke2 Bc5 34. Bd2
Bd4 35. Rc1 c6 36. Be3 Bxe3 37. Kxe3 Ng6 38. Kd2 Nf4 39. Rh1 Ng6 40. Rgg1 c5 41.
Rc1 b6 42. a3 Rd4 43. Rc4 Rd7 44. Rc3 a5 45. Rhc1 Nf4 46. Rh1 h5 47. gxh5 Rh7
48. b4 axb4 49. axb4 Rxh5 50. bxc5 bxc5 51. Rxc5 g4 52. Rc6+ Ke7 53. Rc7+ Kd8
54. Rg7 Ne6 55. Rxg4 Ke7 56. Ke3 Nd4 57. h4 Nc2+ 58. Kf3 Nd4+ 59. Kg3 Ne2+ 60.
Kh3 Rh8 61. Re1 Nf4+ 62. Rxf4 exf4 63. Kg4 Ke6 64. d4 Rd8 65. Kxf4 Rxd4 66. Rg1
Rd2 67. Rh1 Rf2+ 68. Ke3 Ra2 69. h5 Kf7 70. h6 Kg8 71. h7+ Kh8 72. Kf4 Ra5 73.
Rh6 Rb5 74. Rxf6 Kxh7 75. Rf5 Rb4 76. Rg5 Kh6 77. Rg8 Kh7 78. Rg3 Rb1 79. e5
Rf1+ 80. Ke4 Re1+ 81. Kf5 Rf1+ 82. Ke6 Re1 1-0

[Event "16th Sants Open 2014"]
[Site "Barcelona ESP"]
[Date "2014.08.28"]
[Round "7.65"]
[White "Shatko, Danil"]
[Black "Martin Perez, Javier"]
[Result "1-0"]
[BlackTitle "FM"]
[WhiteElo "2178"]
[BlackElo "2013"]
[WhiteFideId "2297540"]
[BlackFideId "2219581"]
[EventDate "2014.08.22"]

1. d4 d5 2. c4 c6 3. Nc3 Nf6 4. Nf3 e6 5. g3 Be7 6. Bg2 O-O 7. O-O Nbd7 8. b3 b6
9. Bb2 Bb7 10. Re1 Rc8 11. Qd3 Qc7 12. Rac1 c5 13. cxd5 exd5 14. Qf5 Qd6 15. Nb5
Qe6 16. Qxe6 fxe6 17. Bh3 a6 18. Bxe6+ Kh8 19. dxc5 axb5 20. Bxf6 Nxf6 21. Bxc8
Rxc8 22. cxb6 Bc5 23. Ne5 Kg8 24. Nd3 Bxb6 25. Rxc8+ Bxc8 26. Rc1 Bf5 27. Rc6
Bd4 28. e3 Bxe3 29. fxe3 Bxd3 30. a4 bxa4 31. bxa4 Ng4 32. a5 Nxe3 33. Rc3 Nc4
34. Rxd3 Nxa5 35. Rxd5 Nc6 36. Rd7 Ne5 37. Re7 Ng4 38. h3 Nf6 39. Kg2 h5 40. Kf3
Kh7 41. Re5 Kg6 42. Kf4 Kh6 43. Kf5 1-0

[Event "16th Sants Open 2014"]
[Site "Barcelona ESP"]
[Date "2014.08.29"]
[Round "8.1"]
[White "Sandipan, Chanda"]
[Black "Kraemer, Martin"]
[Result "1-0"]
[WhiteTitle "GM"]
[BlackTitle "GM"]
[WhiteElo "2619"]
[BlackElo "2546"]
[WhiteFideId "5004225"]
[BlackFideId "4671910"]
[EventDate "2014.08.22"]

1. e4 c5 2. Nf3 d6 3. d4 cxd4 4. Nxd4 Nf6 5. Nc3 a6 6. Bg5 Nbd7 7. f4 Qc7 8. Be2
e6 9. O-O Be7 10. Bf3 O-O 11. Kh1 Nb6 12. Qe1 Re8 13. e5 Nfd5 14. exd6 Qxd6 15.
Ne4 Qc7 16. Rc1 Bxg5 17. fxg5 e5 18. c4 exd4 19. cxd5 Qe5 20. Nd6 Qxe1 21. Rfxe1
Rxe1+ 22. Rxe1 Bd7 23. Rd1 Na4 24. Nxb7 Nxb2 25. Rxd4 Rc8 26. h3 Na4 27. d6 Kf8
28. Bg4 Nb6 29. Rb4 Rc6 30. a4 Bxg4 31. Rxg4 Rc1+ 32. Kh2 Rd1 33. Rb4 Nc8 34.
Nc5 Nxd6 35. Nxa6 Ke7 36. Nc7 Ra1 37. Nb5 Nf5 38. Re4+ Kd7 39. Rf4 Ke6 40. Re4+
Kd7 41. Rf4 Ke6 42. Nd4+ Nxd4 43. Rxd4 Kf5 44. h4 Kg6 45. Kg3 f6 46. gxf6 gxf6
47. Kf4 h5 48. Ke4 Ra2 49. g3 Ra3 50. Kd5 Rxg3 51. Kc5 Kf5 52. a5 Ke5 53. Ra4
Rg4 54. Kb5 Kd6 55. Rc4 Rg1 1-0

[Event "16th Sants Open 2014"]
[Site "Barcelona ESP"]
[Date "2014.08.29"]
[Round "8.2"]
[White "Blomqvist, Erik"]
[Black "Fier, Alexandr"]
[Result "0-1"]
[WhiteTitle "GM"]
[BlackTitle "GM"]
[WhiteElo "2506"]
[BlackElo "2570"]
[WhiteFideId "1709437"]
[BlackFideId "2107139"]
[EventDate "2014.08.22"]

1. e4 c5 2. Nf3 e6 3. d4 cxd4 4. Nxd4 Nc6 5. Nc3 Qc7 6. Be3 a6 7. Qf3 Nf6 8.
O-O-O Be7 9. Be2 O-O 10. Qg3 d6 11. f4 Kh8 12. Kb1 Bd7 13. Bf3 Rac8 14. Rhe1 Na5
15. e5 Ne8 16. Bc1 Nc4 17. Rd3 Bb5 18. Ncxb5 axb5 19. Nxb5 Qa5 20. Na3 Ra8 21.
Bxb7 Ra7 22. Bc6 d5 23. Bxe8 Rxe8 24. Rb3 Rea8 25. Rd1 h6 26. Rdd3 Bxa3 27. bxa3
Qc5 28. Be3 Nxe3 29. Qxe3 Qc4 30. Kb2 Ra4 31. g3 Kg8 32. Rdc3 Qf1 33. Qd2 Re4
34. Re3 Rc4 35. Re1 Qh3 36. Rb4 Rc6 37. Rb3 Rac8 38. Rc1 h5 39. Qe2 Rc4 40. Rb4
Rc3 41. a4 h4 42. g4 Re3 43. Qd2 Re4 44. Rxe4 dxe4 45. Re1 Rb8+ 46. Ka1 Qa3 47.
c4 Qxa4 48. Rxe4 Qc6 49. Qc2 Qc5 50. Qc1 Qf2 51. c5 Ra8 52. a4 Qxh2 53. c6 Qg2
54. Rb4 Rc8 55. c7 Qa8 56. Qc3 Qa7 57. Rc4 Qg1+ 58. Kb2 Qg2+ 59. Ka3 h3 60. Rb4
Kh7 61. Rb3 Qg1 62. Qxh3+ Kg8 63. Qc3 Qa7 64. Qb4 Qxc7 65. Rb2 Qc1 66. a5 Qa1+
67. Kb3 g6 68. g5 Qd1+ 69. Ka2 Rc1 70. Ka3 Qd5 0-1

[Event "16th Sants Open 2014"]
[Site "Barcelona ESP"]
[Date "2014.08.29"]
[Round "8.3"]
[White "Schroeder, Jan-Christian"]
[Black "Narciso Dublan, Marc"]
[Result "1-0"]
[WhiteTitle "FM"]
[BlackTitle "GM"]
[WhiteElo "2367"]
[BlackElo "2515"]
[WhiteFideId "24662259"]
[BlackFideId "2201500"]
[EventDate "2014.08.22"]

1. e4 d6 2. d4 Nf6 3. Nc3 g6 4. Nf3 Bg7 5. Be2 O-O 6. O-O c6 7. a4 Qc7 8. h3 e5
9. dxe5 dxe5 10. Be3 Qe7 11. Nd2 Rd8 12. Qc1 Nbd7 13. Nb3 b6 14. Rd1 Ne8 15. a5
b5 16. Na2 Nef6 17. c4 b4 18. c5 Nxe4 19. Nxb4 Nb8 20. Rxd8+ Qxd8 21. Bf3 Be6
22. Bxe4 Bxb3 23. a6 Qc7 24. g4 Be6 25. Qc2 Qc8 26. Rd1 Bf8 27. Bg5 Nxa6 28.
Nxc6 Qc7 29. b4 Rc8 30. Bf6 Nxb4 31. Nxb4 Qxc5 32. Qxc5 Bxc5 33. Nc6 Kf8 34.
Nxe5 Be7 35. Bxe7+ Kxe7 36. Nc6+ Kf6 37. Nxa7 Rc3 38. Bg2 h5 39. Nb5 Rc5 40. Nd4
Bc8 41. gxh5 Rxh5 42. Kh2 Rc5 43. Rd2 Ra5 44. Rc2 Ba6 45. Rc6+ Kg7 46. Rc7 Ra4
47. Ra7 Rxd4 48. Rxa6 Rf4 49. Kg3 Rf5 50. h4 Rc5 51. f4 Rc3+ 52. Bf3 Rd3 53. Ra5 1-0

[Event "16th Sants Open 2014"]
[Site "Barcelona ESP"]
[Date "2014.08.29"]
[Round "8.4"]
[White "Bromberger, Stefan"]
[Black "Comas Fabrego, Lluis"]
[Result "1-0"]
[WhiteTitle "IM"]
[BlackTitle "GM"]
[WhiteElo "2510"]
[BlackElo "2508"]
[WhiteFideId "4635248"]
[BlackFideId "2200325"]
[EventDate "2014.08.22"]

1. d4 Nf6 2. c4 c5 3. d5 b5 4. cxb5 a6 5. f3 g6 6. e4 Bg7 7. e5 Ng8 8. f4 d6 9.
Nf3 Nh6 10. Nc3 O-O 11. h3 Nf5 12. Bd3 Nd4 13. O-O Nd7 14. exd6 exd6 15. Nxd4
cxd4 16. Ne4 Nc5 17. Nxc5 dxc5 18. Qc2 Qxd5 19. Be4 Bf5 20. Bxd5 Bxc2 21. Bxa8
Rxa8 22. bxa6 Rxa6 23. a4 d3 24. a5 c4 25. Re1 Ra8 26. Re5 Bxe5 27. fxe5 Ra6 28.
Kf2 f6 29. exf6 Kf7 30. Bg5 h6 31. Bxh6 Kxf6 32. Bd2 Ke6 33. g4 Kd7 34. h4 1-0

[Event "16th Sants Open 2014"]
[Site "Barcelona ESP"]
[Date "2014.08.29"]
[Round "8.5"]
[White "Huerga Leache, Mikel"]
[Black "Bogner, Sebastian"]
[Result "0-1"]
[WhiteTitle "IM"]
[BlackTitle "GM"]
[WhiteElo "2457"]
[BlackElo "2603"]
[WhiteFideId "2268795"]
[BlackFideId "4692055"]
[EventDate "2014.08.22"]

1. e4 c5 2. Nf3 d6 3. d4 cxd4 4. Nxd4 Nf6 5. f3 e5 6. Nb3 Be7 7. c4 a5 8. Be3 a4
9. N3d2 O-O 10. Be2 Be6 11. O-O Qa5 12. Nc3 Bd8 13. Nd5 Bxd5 14. cxd5 Bb6 15.
Bxb6 Qxb6+ 16. Kh1 Nbd7 17. Nc4 Qc7 18. Qd2 Nc5 19. Rac1 Nfd7 20. Qc2 b5 21. Na3
b4 22. Nb5 Qb6 23. Qd2 Ra5 24. Qxb4 Rb8 25. Qc4 Rxb5 26. Qxb5 Qxb5 27. Bxb5 Rxb5
28. Rc2 Kf8 29. Rd1 Ke7 30. Kg1 h5 31. Kf2 g6 32. Kg3 Rb4 33. Kh4 Kf6 34. Rb1
Nb6 35. b3 Nxd5 36. Rd1 Ne3 37. Rxd6+ Ne6 38. Rb2 Nf5+ 0-1

[Event "16th Sants Open 2014"]
[Site "Barcelona ESP"]
[Date "2014.08.29"]
[Round "8.6"]
[White "Vocaturo, Daniele"]
[Black "Hoffman, Alejandro"]
[Result "1-0"]
[WhiteTitle "GM"]
[BlackTitle "GM"]
[WhiteElo "2587"]
[BlackElo "2456"]
[WhiteFideId "813192"]
[BlackFideId "100340"]
[EventDate "2014.08.22"]

1. d4 d5 2. c4 e6 3. Nc3 Nf6 4. cxd5 exd5 5. Bg5 c6 6. e3 Be7 7. Bd3 Nbd7 8. Nf3
Nh5 9. Bxe7 Qxe7 10. O-O g6 11. Rb1 a5 12. a3 O-O 13. b4 axb4 14. axb4 Nb6 15.
Nd2 Ng7 16. b5 c5 17. dxc5 Qxc5 18. Rc1 Qe7 19. Nb3 Rd8 20. Be2 Nf5 21. Bg4 Qg5
22. Bxf5 Bxf5 23. Nd4 Bg4 24. Qc2 Rac8 25. Kh1 Nc4 26. h3 Qh5 27. Kg1 Bxh3 28.
gxh3 Qxh3 29. Qe2 Re8 30. Qf3 Qh4 31. Qh1 Qg5+ 32. Qg2 Qh4 33. Nxd5 Nd2 34. Rxc8
Rxc8 35. Nf5 1-0

[Event "16th Sants Open 2014"]
[Site "Barcelona ESP"]
[Date "2014.08.29"]
[Round "8.7"]
[White "Lyrberg, Patrik"]
[Black "Peralta, Fernando"]
[Result "1-0"]
[WhiteTitle "IM"]
[BlackTitle "GM"]
[WhiteElo "2444"]
[BlackElo "2574"]
[WhiteFideId "1701975"]
[BlackFideId "105309"]
[EventDate "2014.08.22"]

1. d4 Nf6 2. c4 e6 3. Nf3 d5 4. Nc3 Bb4 5. Bg5 Nbd7 6. cxd5 exd5 7. g3 O-O 8.
Bg2 h6 9. Bf4 c6 10. O-O Re8 11. a3 Bf8 12. Qc1 Nb6 13. Ne5 Ng4 14. Nd3 g5 15.
Bd2 Nc4 16. b3 Nxd2 17. Qxd2 f5 18. e3 Bg7 19. Rae1 a5 20. Kh1 Re7 21. f3 Nf6
22. Ne5 Qd6 23. Qc1 f4 24. exf4 gxf4 25. Qxf4 Qxa3 26. g4 Qd6 27. Qg3 Bd7 28.
Nxc6 Re6 29. Ne5 Rae8 30. g5 hxg5 31. Qxg5 Bc6 32. Bh3 R6e7 33. Rg1 Nh7 34. Qh5
Nf8 35. Re2 Qb4 36. Reg2 Qxd4 37. Rxg7+ Rxg7 38. Qf7+ 1-0

[Event "16th Sants Open 2014"]
[Site "Barcelona ESP"]
[Date "2014.08.29"]
[Round "8.8"]
[White "Alsina Leal, Daniel"]
[Black "Aloma Vidal, Robert"]
[Result "1/2-1/2"]
[WhiteTitle "GM"]
[BlackTitle "IM"]
[WhiteElo "2550"]
[BlackElo "2403"]
[WhiteFideId "2252627"]
[BlackFideId "2260409"]
[EventDate "2014.08.22"]

1. d4 Nf6 2. Bg5 d5 3. e3 c6 4. Bxf6 exf6 5. g3 f5 6. Bg2 Bd6 7. Ne2 Be6 8. Nd2
Nd7 9. O-O Nf6 10. c4 O-O 11. cxd5 Bxd5 12. Bxd5 Nxd5 13. Nc3 Nf6 14. Qf3 g6 15.
Nc4 Re8 16. Rfd1 Ne4 17. Nxe4 Rxe4 18. Rac1 Rc8 19. a3 Rc7 20. b4 Rd7 21. Nd2
Re8 22. Nb3 Qe7 23. Nc5 Rc7 24. Rd3 a6 25. Rdc3 Rec8 26. Nd3 a5 27. Rc4 axb4 28.
axb4 Qd8 29. Rb1 Ra8 30. Rc3 Ra2 31. Rbc1 Rd2 32. b5 Kg7 33. bxc6 Rxc6 34. Rxc6
bxc6 35. Nf4 Bxf4 36. gxf4 Qc8 37. Kg2 Qa6 38. Qxc6 Qd3 39. Qf3 h5 40. h3 h4 41.
Kg1 Qb3 42. Ra1 Rxd4 1/2-1/2

[Event "16th Sants Open 2014"]
[Site "Barcelona ESP"]
[Date "2014.08.29"]
[Round "8.9"]
[White "Aroshidze, Levan"]
[Black "Jorczik, Julian"]
[Result "1-0"]
[WhiteTitle "GM"]
[BlackTitle "IM"]
[WhiteElo "2539"]
[BlackElo "2399"]
[WhiteFideId "13601865"]
[BlackFideId "24611719"]
[EventDate "2014.08.22"]

1. e4 e6 2. d4 d5 3. Nc3 Nf6 4. e5 Nfd7 5. f4 c5 6. Nf3 Nc6 7. Be3 Be7 8. Qd2
O-O 9. dxc5 Bxc5 10. O-O-O Qa5 11. a3 b6 12. Bb5 Bb7 13. Kb1 Rfc8 14. h4 a6 15.
Bxc6 Bxc6 16. Nd4 Ba4 17. Nxa4 Qxa4 18. Qe2 Bf8 19. f5 Nc5 20. fxe6 Nxe6 21.
Rhf1 Bc5 22. Qf2 Ra7 23. Nf5 Bxe3 24. Nxe3 d4 25. Nf5 Rac7 26. Rd2 Qa5 27. Nxd4
Qxe5 28. Re1 Qf4 29. Nxe6 Qxf2 30. Rxf2 Re7 31. Rfe2 fxe6 32. Rxe6 Rb7 33. R1e4
Kf7 34. Rd6 a5 35. a4 Rc5 36. b3 b5 37. axb5 Rcxb5 38. Kb2 h5 39. Rf4+ Kg8 40.
Rfd4 Kf7 41. R6d5 Ke6 42. Rxb5 Rxb5 43. Ka3 Re5 44. c4 Re1 45. Rd5 Ra1+ 46. Kb2
Rg1 47. Rxh5 Rxg2+ 48. Ka3 Rh2 49. Rxa5 Rxh4 50. Kb4 Rh3 51. Rg5 Kf6 52. Rg1 g5
53. c5 Kf5 54. Kc4 1-0

[Event "16th Sants Open 2014"]
[Site "Barcelona ESP"]
[Date "2014.08.29"]
[Round "8.10"]
[White "Perpinya Rofes, Lluis Maria"]
[Black "Libiszewski, Fabien"]
[Result "1/2-1/2"]
[WhiteTitle "IM"]
[BlackTitle "GM"]
[WhiteElo "2391"]
[BlackElo "2531"]
[WhiteFideId "2208598"]
[BlackFideId "616834"]
[EventDate "2014.08.22"]

1. e4 e6 2. d4 d5 3. Nc3 Bb4 4. e5 c5 5. dxc5 Ne7 6. Nf3 Nd7 7. Bd3 Nxc5 8. O-O
Bxc3 9. bxc3 Bd7 10. c4 Bc6 11. Be2 dxc4 12. Be3 Qxd1 13. Rfxd1 Na4 14. Bxc4 Nb2
15. Rd4 Nxc4 16. Rxc4 Bxf3 17. gxf3 Nc6 18. Rb1 Rd8 19. Bg5 Nxe5 20. Bxd8 Nxc4
21. Rxb7 Nd6 22. Rb8 Kd7 23. Bc7 Rxb8 24. Bxb8 a6 25. Kf1 Nf5 26. c3 Kc6 27. Ke2
f6 28. Kd3 Nh4 29. Ke4 Kc5 30. Bc7 Kc4 31. Ba5 Ng6 32. Bb4 f5+ 33. Ke3 Ne5 34.
Bf8 g6 35. Bg7 Nd3 36. f4 a5 37. f3 a4 38. Bf6 Nc5 39. Be5 Nd7 40. Bd4 Nb8 41.
Bg7 Nc6 42. Bf6 Na7 43. Kd2 Nc8 44. Bd8 h6 45. h3 Nd6 46. Be7 Nb5 47. Bf6 Nc7
48. Bg7 Nd5 49. Be5 Nb6 50. Bg7 h5 51. Bf6 Nd5 52. Be5 Nb6 53. Bd4 1/2-1/2

[Event "16th Sants Open 2014"]
[Site "Barcelona ESP"]
[Date "2014.08.29"]
[Round "8.11"]
[White "Martinez Romero, Martin"]
[Black "Cuartas, Jaime Alexander"]
[Result "1/2-1/2"]
[WhiteTitle "IM"]
[BlackTitle "GM"]
[WhiteElo "2387"]
[BlackElo "2489"]
[WhiteFideId "4404025"]
[BlackFideId "4401190"]
[EventDate "2014.08.22"]

1. e4 e5 2. Nf3 Nc6 3. Bc4 Bc5 4. c3 Nf6 5. d4 exd4 6. e5 d5 7. Be2 Ne4 8. cxd4
Bb6 9. O-O O-O 10. Nc3 Bg4 11. Be3 Ne7 12. Qc2 Nxc3 13. bxc3 Bf5 14. Qd2 Rc8 15.
Nh4 c5 16. Bg5 Be4 17. Bd3 h6 18. Bxe7 Qxe7 19. Bxe4 1/2-1/2

[Event "16th Sants Open 2014"]
[Site "Barcelona ESP"]
[Date "2014.08.29"]
[Round "8.12"]
[White "Graf, Felix"]
[Black "Strunski, Andreas"]
[Result "1-0"]
[BlackTitle "IM"]
[WhiteElo "2479"]
[BlackElo "2352"]
[WhiteFideId "24608904"]
[BlackFideId "24606073"]
[EventDate "2014.08.22"]

1. Nf3 Nf6 2. e3 g6 3. b4 Bg7 4. Bb2 c6 5. c4 d5 6. cxd5 cxd5 7. Be2 O-O 8. O-O
Qd6 9. b5 Bg4 10. d4 Rc8 11. a4 Qd8 12. Qb3 Nbd7 13. a5 e6 14. h3 Bxf3 15. Bxf3
Ne8 16. e4 dxe4 17. Bxe4 Rab8 18. Bf3 Nd6 19. Rd1 Nf5 20. Ra4 Nf6 21. Nc3 Ne7
22. Ne2 Nfd5 23. Ng3 b6 24. a6 Rc7 25. Rc4 Rxc4 26. Qxc4 Rc8 27. Qd3 Qd7 28. Qb3
Rc7 29. Be4 Bh6 30. h4 Qc8 31. Ne2 Qd8 32. h5 Nf6 33. Bf3 Ned5 34. Ba3 Nxh5 35.
Bxh5 gxh5 36. Qg3+ Qg5 37. Rd3 Qxg3 38. Rxg3+ Bg7 39. Bd6 Rc2 40. Nf4 Nxf4 41.
Bxf4 h4 42. Rd3 Rc8 43. d5 Rd8 44. dxe6 Rxd3 45. e7 Rd1+ 46. Kh2 Re1 47. Be3
Be5+ 48. g3 Bxg3+ 49. Kg2 1-0

[Event "16th Sants Open 2014"]
[Site "Barcelona ESP"]
[Date "2014.08.29"]
[Round "8.13"]
[White "Novikov, Stanislav"]
[Black "Sowray, Peter J"]
[Result "1-0"]
[WhiteTitle "GM"]
[BlackTitle "FM"]
[WhiteElo "2562"]
[BlackElo "2325"]
[WhiteFideId "4125371"]
[BlackFideId "400971"]
[EventDate "2014.08.22"]

1. e4 e6 2. d3 d5 3. Qe2 Be7 4. Nf3 Nf6 5. g3 O-O 6. Bg2 c5 7. O-O b5 8. Re1 Nc6
9. Bg5 Bb7 10. e5 Nd7 11. h4 h6 12. Bxe7 Qxe7 13. Nbd2 a5 14. Nf1 Rfc8 15. N1h2
b4 16. Qd2 Ra6 17. Qf4 Nd4 18. Nxd4 cxd4 19. Nf3 Rxc2 20. Nxd4 Rc5 21. Rac1 Ra8
22. Nb3 Rxc1 23. Rxc1 Qd8 24. Qe3 a4 25. Nc5 Nxc5 26. Rxc5 a3 27. b3 Ra5 28. Rc2
d4 29. Qc1 Qb6 30. Bxb7 Qxb7 31. Qf4 Ra8 32. Qxd4 Rc8 33. Rc4 Rxc4 34. dxc4 Qf3
35. c5 Qc3 36. Qd6 Qa1+ 37. Kg2 Qxa2 38. Qd8+ Kh7 39. Qd3+ g6 40. c6 Qb2 41. c7
Qxe5 42. c8=Q a2 43. Qf8 Qf6 44. Qd2 1-0

[Event "16th Sants Open 2014"]
[Site "Barcelona ESP"]
[Date "2014.08.29"]
[Round "8.14"]
[White "Granda Zuniga, Julio E"]
[Black "Gomez Ledo, Roberto Carlos"]
[Result "1-0"]
[WhiteTitle "GM"]
[BlackTitle "IM"]
[WhiteElo "2663"]
[BlackElo "2411"]
[WhiteFideId "3800024"]
[BlackFideId "3507076"]
[EventDate "2014.08.22"]

1. Nf3 d5 2. g3 Nf6 3. Bg2 c6 4. d3 Bf5 5. b3 e6 6. Bb2 h6 7. Nbd2 Be7 8. O-O
O-O 9. c4 Bh7 10. a3 a5 11. Ra2 Re8 12. Qa1 Nbd7 13. Rc1 Bf8 14. Bf1 Qe7 15. d4
Ne4 16. e3 Ndf6 17. c5 Ng4 18. Nxe4 Bxe4 19. Nd2 Bg6 20. h3 Nf6 21. b4 Ne4 22.
Nxe4 Bxe4 23. Bc3 a4 24. Be2 Qg5 25. Rf1 Be7 26. Qd1 Bd8 27. Kh2 Bc7 28. Rb2 Qe7
29. b5 b6 30. cxb6 Bxb6 31. bxc6 Qxa3 32. Qc1 Ba5 33. Bxa5 Rxa5 34. f3 Bg6 35.
Rb8 Qf8 36. Rxe8 Qxe8 37. c7 Qc8 38. Qc6 a3 39. Qb6 Ra8 40. Bb5 a2 41. Ra1 Kh7
42. Bc6 Qf8 43. Bxa8 Qxa8 44. g4 h5 45. gxh5 1-0

[Event "16th Sants Open 2014"]
[Site "Barcelona ESP"]
[Date "2014.08.29"]
[Round "8.15"]
[White "Martinez Alcantara, Jose Eduardo"]
[Black "Cori, Jorge"]
[Result "1-0"]
[WhiteTitle "FM"]
[BlackTitle "GM"]
[WhiteElo "2379"]
[BlackElo "2630"]
[WhiteFideId "3805662"]
[BlackFideId "3802272"]
[EventDate "2014.08.22"]

1. e4 g6 2. d4 Bg7 3. c3 d6 4. f4 Nf6 5. Bd3 O-O 6. Nf3 c5 7. dxc5 dxc5 8. Be3
Qc7 9. Qe2 Rd8 10. Nbd2 Nc6 11. e5 Nd5 12. Ne4 Bg4 13. Nf2 Bxf3 14. Qxf3 Qb6 15.
O-O-O Qa5 16. Kb1 e6 17. Ne4 b5 18. Nxc5 Nxe3 19. Qxe3 Qb6 20. Rhe1 Bh6 21. g3
b4 22. Be4 Rxd1+ 23. Rxd1 Rc8 24. Bxc6 Rxc6 25. cxb4 Bf8 26. Qd4 a5 27. Nd7 Qxd4
28. Rxd4 Bxb4 29. Nf6+ Kg7 30. Ne4 Be7 31. a3 g5 32. Nxg5 Bxg5 33. fxg5 Rc5 34.
Re4 Kg6 35. b4 axb4 36. axb4 Rd5 37. Kc2 Kxg5 38. Kc3 Kf5 39. Rf4+ Kg6 40. Kc4
Rxe5 41. b5 Re1 42. b6 e5 43. Rf3 e4 44. Rb3 e3 45. b7 e2 46. Kd3 1-0

[Event "16th Sants Open 2014"]
[Site "Barcelona ESP"]
[Date "2014.08.29"]
[Round "8.16"]
[White "Cruz, Cristhian"]
[Black "Bergez, Luc"]
[Result "1-0"]
[WhiteTitle "GM"]
[BlackTitle "IM"]
[WhiteElo "2553"]
[BlackElo "2368"]
[WhiteFideId "3801969"]
[BlackFideId "606600"]
[EventDate "2014.08.22"]

1. d4 d6 2. c4 e5 3. Nf3 Nd7 4. Nc3 g6 5. e4 Bg7 6. Be2 Ngf6 7. O-O O-O 8. Qc2
Qe7 9. Re1 c6 10. d5 a5 11. b3 Nc5 12. Ba3 Qc7 13. Rad1 cxd5 14. Bxc5 Qxc5 15.
Nxd5 Be6 16. Nxf6+ Bxf6 17. a4 Be7 18. Nd2 Bh4 19. Rf1 f5 20. Bf3 f4 21. Qd3 Kh8
22. Nb1 Be7 23. Nc3 Rf7 24. h3 h5 25. Rd2 Rh7 26. Qe2 Rg8 27. Rfd1 g5 28. Bxh5
g4 29. Bxg4 Bxg4 30. hxg4 Rh4 31. Rd3 Rhxg4 32. Rh3+ Bh4 33. Kf1 R8g6 34. Rd5
Qa3 35. Nb5 Qb4 36. Rxd6 1-0

[Event "16th Sants Open 2014"]
[Site "Barcelona ESP"]
[Date "2014.08.29"]
[Round "8.17"]
[White "Gonzalez Rodriguez, Jorge A."]
[Black "Handke, Florian"]
[Result "0-1"]
[WhiteTitle "IM"]
[BlackTitle "GM"]
[WhiteElo "2382"]
[BlackElo "2553"]
[WhiteFideId "4400240"]
[BlackFideId "4634527"]
[EventDate "2014.08.22"]

1. b3 d5 2. e3 Bf5 3. Bb2 e6 4. Nf3 Nd7 5. d4 Ngf6 6. Bd3 Bb4+ 7. c3 Bd6 8. c4
c6 9. O-O O-O 10. Nc3 Bg4 11. Be2 Qe7 12. Nd2 Bf5 13. c5 Bc7 14. f4 b6 15. b4 a5
16. b5 bxc5 17. bxc6 cxd4 18. Nb5 d3 19. Ba3 dxe2 20. Qxe2 Nc5 21. Nxc7 Qxc7 22.
Bxc5 Rfc8 23. Bd4 Qxc6 24. h3 Nd7 25. g4 Bc2 26. Rfc1 Qa4 27. Nf3 Rc4 28. Ne5
Nxe5 29. fxe5 Rac8 30. Qf2 Qd7 31. Qd2 a4 32. Rf1 h6 33. Kh2 Qe7 34. Kg3 Qg5 35.
h4 Qg6 36. h5 Qg5 37. Rf4 Qe7 38. Raf1 Be4 39. Qa5 Rc2 40. R1f2 Rxf2 41. Rxf2
Rc1 42. Rh2 Qg5 43. Qd2 Rg1+ 0-1

[Event "16th Sants Open 2014"]
[Site "Barcelona ESP"]
[Date "2014.08.29"]
[Round "8.18"]
[White "Klein, David"]
[Black "Gullaksen, Eirik"]
[Result "1-0"]
[WhiteTitle "IM"]
[BlackTitle "IM"]
[WhiteElo "2498"]
[BlackElo "2361"]
[WhiteFideId "1003623"]
[BlackFideId "1500945"]
[EventDate "2014.08.22"]

1. e4 c5 2. Nf3 Nc6 3. Bb5 g6 4. O-O Bg7 5. Re1 Nf6 6. e5 Nd5 7. Nc3 Nc7 8. Bxc6
dxc6 9. Ne4 Ne6 10. d3 O-O 11. Be3 b6 12. Qd2 Nd4 13. Nxd4 cxd4 14. Bh6 Bxe5 15.
Bxf8 Qxf8 16. Qg5 Bg7 17. Qf4 Qd8 18. Ng5 Bf5 19. Qh4 h6 20. Nf3 Kf8 21. Ne5 Qd6
22. Nc4 Qd7 23. Qf4 Kg8 24. Ne5 Qd5 25. h3 Re8 26. Qg3 c5 27. a4 Qd6 28. f4 Be6
29. b3 Bd5 30. Re2 Qc7 31. Qh4 e6 32. Rf1 Kh7 33. Ng4 Qe7 34. Qe1 Qc7 35. Qh4
Qe7 36. Qe1 Qc7 37. Qf2 h5 38. Ne5 f6 39. Nc4 Bh6 40. Qh4 Kg7 41. Nd2 Rf8 42.
Ne4 Rf7 43. Kh1 Rf8 44. Kg1 Rf7 45. Qg3 Kh7 46. Qh2 h4 47. Kh1 Rf8 48. Kg1 Rf7
49. g3 hxg3 50. Qxg3 g5 51. Rg2 Bxe4 52. dxe4 Rg7 53. Qg4 f5 54. exf5 gxf4 55.
Qf3 exf5 56. Rxg7+ Qxg7+ 57. Kh1 Qe7 58. Rg1 Qe4 59. Qg2 Bg7 60. Kh2 Qe5 61. Qf3
Kh6 62. Rg2 Bf6 63. Re2 Qd6 64. Kh1 Bh4 65. Re8 d3 66. cxd3 Bg3 67. Qa8 Kg6 68.
Rg8+ Kf6 69. Qb7 Ke5 70. Qg7+ Kd5 71. Re8 c4 72. dxc4+ Kc5 73. Qe7 Qxe7 74. Rxe7
a6 75. Kg2 Kb4 76. Re6 Kc5 77. Kf3 Bh4 78. a5 bxa5 79. Rxa6 Bd8 80. Ra8 1-0

[Event "16th Sants Open 2014"]
[Site "Barcelona ESP"]
[Date "2014.08.29"]
[Round "8.19"]
[White "Gomez Garrido, Camilo Ernesto"]
[Black "Hernando Rodrigo, Julio Antonio"]
[Result "1-0"]
[WhiteTitle "IM"]
[BlackTitle "FM"]
[WhiteElo "2496"]
[BlackElo "2342"]
[WhiteFideId "3507904"]
[BlackFideId "2208350"]
[EventDate "2014.08.22"]

1. e4 e6 2. d4 d5 3. Nd2 c5 4. exd5 exd5 5. Ngf3 Nc6 6. Bb5 Bd6 7. O-O Ne7 8.
dxc5 Bxc5 9. Nb3 Bd6 10. c3 O-O 11. Bd3 h6 12. h3 Bc7 13. Bc2 Qd6 14. Re1 Be6
15. Be3 b6 16. Nbd4 Nxd4 17. Bxd4 Nc6 18. Qd3 g6 19. Be3 Bf5 20. Qd2 Bxc2 21.
Qxc2 Rfe8 22. Bxh6 d4 23. Qd3 Rad8 24. Rxe8+ Rxe8 25. cxd4 Qd5 26. b3 Re4 27.
Rd1 b5 28. Be3 f5 29. Qc2 Bb6 30. Ne5 Nxe5 31. dxe5 Qxe5 32. Qc8+ Qe8 33. Qxe8+
Rxe8 34. Bxb6 axb6 35. Rd6 Re1+ 36. Kh2 Kf7 37. Rxb6 f4 38. Rxb5 Re2 39. a4 Rxf2
40. h4 Kg7 41. Kh3 Kh6 42. a5 Ra2 43. b4 Kh7 44. h5 1-0